[Event "Pfalz op-B 8th"]
[Site "Neustadt an der Weinstrasse"]
[Date "2017.02.26"]
[Round "4"]
[White "Reissfelder, Matthias"]
[Black "Florin, Jon"]
[Result "1-0"]
[WhiteElo "1751"]
[BlackElo "1832"]
[PlyCount "83"]
[EventDate "2017.02.24"]
[EventType "swiss"]
[EventRounds "7"]
[EventCountry "GER"]
[SourceTitle "CBM 177 Extra"]
[Source "ChessBase"]
[SourceDate "2017.04.27"]
[SourceVersion "1"]
[SourceVersionDate "2017.04.27"]
[SourceQuality "1"]

1. f4 d5 2. Nf3 Nf6 3. g3 c6 4. Bg2 Qb6 5. d3 Ng4 6. d4 Bf5 7. Nc3 e6 8. a3 Nd7 9. 0-0 Be7 10. e3 0-0 11. Ne5 Ngxe5 12. fxe5 c5 13. Nxd5 Qd8 14. Nxe7+ Qxe7 15. Bxb7 Rad8 16. Bg2 Nxe5 17. c3 h6 18. Qa4 cxd4 19. exd4 Nd3 20. Qa6 Rd6 21. Qc4 Bh7 22. b4 Qd7 23. Ra2 Rc8 24. Qb3 Nxc1 25. Rxc1 Rxd4 26. c4 Rd3 27. Qb2 Rd1+ 28. Bf1 Rxc1 29. Qxc1 Qd4+ 30. Rf2 e5 31. c5 a5 32. Qd2 Qa1 33. Qd7 Rb8 34. Qxf7+ Kh8 35. Qc7 Re8 36. Qd7 Rb8 37. c6 axb4 38. c7 Rg8 39. c8Q bxa3 40. Qc4 e4 41. Qcd4 Qe1 42. Rf8 1-0

[Event "Pfalz op-B 8th"]
[Site "Neustadt an der Weinstrasse"]
[Date "2017.02.25"]
[Round "2"]
[White "Afonso, Nils"]
[Black "Florin, Jon"]
[Result "0-1"]
[WhiteElo "1721"]
[BlackElo "1832"]
[PlyCount "134"]
[EventDate "2017.02.24"]
[EventType "swiss"]
[EventRounds "7"]
[EventCountry "GER"]
[SourceTitle "CBM 177 Extra"]
[Source "ChessBase"]
[SourceDate "2017.04.27"]
[SourceVersion "1"]
[SourceVersionDate "2017.04.27"]
[SourceQuality "1"]

1. d4 d5 2. c4 c6 3. Nc3 Nf6 4. cxd5 cxd5 5. Nf3 Nc6 6. Bg5 Bf5 7. Qb3 Na5 8. Qa4+ Bd7 9. Qc2 e6 10. Ne5 Be7 11. e3 0-0 12. Bd3 h6 13. Bh4 Nc6 14. Nxc6 Bxc6 15. 0-0 Rc8 16. Rac1 Bd6 17. Qe2 Be7 18. Qf3 Nh7 19. Bxe7 Qxe7 20. Qg3 Qg5 21. Qxg5 Nxg5 22. f3 f6 23. Bb5 a6 24. Bxc6 Rxc6 25. Na4 Rfc8 26. Rxc6 Rxc6 27. Nc5 Nf7 28. Rc1 Nd6 29. Rc3 Nb5 30. Rc1 Kf7 31. a4 Nd6 32. Rc3 Rc7 33. Kf2 Ke7 34. Ke2 Rc6 35. Kd3 Rb6 36. b3 Rc6 37. e4 b5 38. e5 fxe5 39. dxe5 Nf5 40. axb5 axb5 41. b4 Nh4 42. Rc2 Ng6 43. Kd4 Nf8 44. Ra2 Rc7 45. Ra6 Nd7 46. Rxe6+ Kf7 47. Rb6 Nxb6 48. g4 Ra7 49. f4 Ra2 50. f5 Rd2+ 51. Nd3 Rxh2 52. Kc5 Rd2 53. Nf4 Nc4 54. e6+ Ke8 55. Nh5 d4 56. Nxg7+ Ke7 57. Kxb5 Nd6+ 58. Kc5 Ne4+ 59. Kc4 Nf6 60. b5 Nxg4 61. b6 Rb2 62. Kxd4 Rxb6 63. Nh5 Rd6+ 64. Kc5 Rd1 65. Nf4 Nf6 66. Ng6+ Ke8 67. Ne5 Rd5+ 0-1

[Event "Stuttgart-chB op"]
[Site "Ditzingen"]
[Date "2015.05.16"]
[Round "5"]
[White "Hahn, Martin"]
[Black "Florin, Jon"]
[Result "1/2-1/2"]
[WhiteElo "1809"]
[BlackElo "1858"]
[PlyCount "113"]
[EventDate "2015.05.17"]
[EventType "swiss"]
[EventRounds "7"]
[EventCountry "GER"]
[SourceTitle "EXT 2018"]
[Source "ChessBase"]
[SourceDate "2017.10.13"]
[SourceVersion "1"]
[SourceVersionDate "2017.10.13"]
[SourceQuality "1"]

1. b3 e5 2. Bb2 Nc6 3. e3 d5 4. Bb5 Bd6 5. f4 f6 6. Bxc6+ bxc6 7. Qh5+ g6 8. Qe2 exf4 9. exf4+ Qe7 10. Qxe7+ Kxe7 11. Ba3 Bf5 12. Bxd6+ cxd6 13. d3 Nh6 14. a3 Rhe8 15. Nf3 Kf8+ 16. Kd2 c5 17. Nc3 Be6 18. Nb5 Re7 19. Rhe1 a6 20. Nc7 Rxc7 21. Rxe6 Rd7 22. Rae1 Kf7 23. g4 Ng8 24. d4 a5 25. a4 Raa7 26. dxc5 dxc5 27. Rc6 Rac7 28. Ra6 Ra7 29. Rc6 c4 30. Nd4 Ne7 31. Rc5 Rdc7 32. Rb5 Rcb7 33. Rxe7+ Rxe7 34. Nc6 cxb3 35. cxb3 Ra6 36. Nxe7 Kxe7 37. Rxd5 Rd6 38. Rxd6 Kxd6 39. Kd3 Kd5 40. g5 f5 41. Kc3 Ke4 42. b4 axb4+ 43. Kxb4 Kxf4 44. a5 Ke3 45. a6 f4 46. a7 f3 47. a8Q f2 48. Qa7+ Ke2 49. Qa6+ Ke1 50. Qa1+ Ke2 51. Qe5+ Kf3 52. Qd5+ Ke2 53. Qc4+ Ke1 54. Qc3+ Ke2 55. Qc4+ Ke1 56. Qc3+ Ke2 57. Qc4+ 1/2-1/2

[Event "Rhein Main op-B 17th"]
[Site "Bad Homburg"]
[Date "2014.06.22"]
[Round "7"]
[White "Gutacker, Stephan"]
[Black "Florin, Jon"]
[Result "1-0"]
[WhiteElo "1944"]
[BlackElo "1850"]
[PlyCount "75"]
[EventDate "2014.06.18"]
[EventType "swiss"]
[EventRounds "9"]
[EventCountry "GER"]
[SourceTitle "CBM 161 Extra"]
[Source "ChessBase"]
[SourceDate "2014.08.29"]
[SourceVersion "1"]
[SourceVersionDate "2014.08.29"]
[SourceQuality "1"]

1. e4 e6 2. d4 d5 3. Nd2 c5 4. c3 cxd4 5. cxd4 dxe4 6. Nxe4 Bb4+ 7. Nc3 Nf6 8. Nf3 0-0 9. Bd3 Nc6 10. 0-0 b6 11. Bg5 Bb7 12. Rc1 h6 13. Bh4 Be7 14. Bb1 Nb4 15. Ne5 Nfd5 16. Bxe7 Qxe7 17. a3 Nxc3 18. Rxc3 Nd5 19. Rg3 Nf6 20. f3 Nh5 21. Qd3 Nf6 22. Ng4 g6 23. Ne5 Rad8 24. Qe3 g5 25. Rxg5+ hxg5 26. Qxg5+ Kh8 27. Qh6+ Kg8 28. Ng4 Ne4 29. fxe4 f5 30. exf5 Rxd4 31. Qg6+ Kh8 32. f6 Qf7 33. Qh6+ Kg8 34. Qg5+ Kh8 35. Ne5 Qc7 36. Ng6+ Kg8 37. Ne7+ Kf7 38. Qg6# 1-0

[Event "Rhein Main op-B 17th"]
[Site "Bad Homburg"]
[Date "2014.06.21"]
[Round "5"]
[White "Florin, Jon"]
[Black "Schmid, Herbert"]
[Result "1/2-1/2"]
[WhiteElo "1850"]
[BlackElo "1727"]
[PlyCount "41"]
[EventDate "2014.06.18"]
[EventType "swiss"]
[EventRounds "9"]
[EventCountry "GER"]
[SourceTitle "CBM 161 Extra"]
[Source "ChessBase"]
[SourceDate "2014.08.29"]
[SourceVersion "1"]
[SourceVersionDate "2014.08.29"]
[SourceQuality "1"]

1. e4 c6 2. d4 d5 3. Nc3 dxe4 4. Nxe4 Bf5 5. Ng3 Bg6 6. h4 h6 7. h5 Bh7 8. Nf3 Nf6 9. Bd3 Bxd3 10. Qxd3 e6 11. Bd2 Nbd7 12. 0-0-0 Qb6 13. Qe2 0-0-0 14. Ne5 Nxe5 15. dxe5 Nd5 16. Ne4 Be7 17. f3 a5 18. Qf2 Qa6 19. Qf1 Qa7 20. Qf2 Qa6 21. Qf1 1/2-1/2

[Event "Rhein Main op-B 17th"]
[Site "Bad Homburg"]
[Date "2014.06.20"]
[Round "4"]
[White "Berg, Rainer"]
[Black "Florin, Jon"]
[Result "0-1"]
[WhiteElo "1603"]
[BlackElo "1850"]
[PlyCount "80"]
[EventDate "2014.06.18"]
[EventType "swiss"]
[EventRounds "9"]
[EventCountry "GER"]
[SourceTitle "CBM 161 Extra"]
[Source "ChessBase"]
[SourceDate "2014.08.29"]
[SourceVersion "1"]
[SourceVersionDate "2014.08.29"]
[SourceQuality "1"]

1. Nf3 d5 2. d4 Nf6 3. b3 Bf5 4. Nbd2 e6 5. Bb2 Bd6 6. e3 Nbd7 7. c4 c6 8. c5 Bc7 9. Be2 0-0 10. 0-0 Qe7 11. Rc1 e5 12. Nh4 Be6 13. g3 e4 14. f4 exf3 15. Ndxf3 Bh3 16. Ng2 Ng4 17. Ne5 Ndxe5 18. dxe5 Bxg2 19. Bxg4 Bxf1 20. Qxf1 Bxe5 21. Bd4 Bxd4 22. exd4 Qe3+ 23. Kg2 Qd2+ 24. Be2 Rae8 25. Re1 Qxd4 26. Bh5 Rxe1 27. Qxe1 Qe4+ 28. Qxe4 dxe4 29. Kf2 g6 30. Be2 f5 31. Bc4+ Kg7 32. Ke3 Kf6 33. h4 Ke5 34. a4 h6 35. b4 g5 36. hxg5 hxg5 37. b5 f4+ 38. gxf4+ gxf4+ 39. Kd2 Kd4 40. b6 Kxc4 0-1

[Event "Rhein Main op-B 17th"]
[Site "Bad Homburg"]
[Date "2014.06.19"]
[Round "2"]
[White "Yukelson, Tamar"]
[Black "Florin, Jon"]
[Result "0-1"]
[WhiteElo "940"]
[BlackElo "1850"]
[PlyCount "72"]
[EventDate "2014.06.18"]
[EventType "swiss"]
[EventRounds "9"]
[EventCountry "GER"]
[SourceTitle "CBM 161 Extra"]
[Source "ChessBase"]
[SourceDate "2014.08.29"]
[SourceVersion "1"]
[SourceVersionDate "2014.08.29"]
[SourceQuality "1"]

1. e4 e6 2. d4 d5 3. exd5 exd5 4. Nc3 Nf6 5. Nf3 Bd6 6. Be2 0-0 7. 0-0 Bg4 8. Bg5 c6 9. Ne5 Bxe2 10. Nxe2 Re8 11. f4 Be7 12. Nc3 Nbd7 13. Qd2 h6 14. Bh4 Nf8 15. Rae1 Ne4 16. Nxe4 Bxh4 17. Nf2 Qc7 18. Re3 Bxf2+ 19. Rxf2 Nd7 20. Qe2 Nf6 21. c3 Ne4 22. Rf1 Re7 23. Qc2 Rae8 24. Rfe1 Nd6 25. Qe2 Nf5 26. Rf3 f6 27. Rff1 Nd6 28. Qf2 fxe5 29. fxe5 Ne4 30. Qf4 Rf7 31. Qg4 Qe7 32. Rxf7 Qxf7 33. h3 Qf2+ 34. Kh2 Qxe1 35. Qd7 Qg3+ 36. Kg1 Rf8 0-1

[Event "Rhein Main op-B 16th"]
[Site "Bad Homburg"]
[Date "2013.06.02"]
[Round "7"]
[White "Groetzinger, Waldemar"]
[Black "Florin, Jon"]
[Result "1-0"]
[WhiteElo "1697"]
[BlackElo "1827"]
[PlyCount "79"]
[EventDate "2013.05.29"]
[EventType "swiss"]
[EventRounds "7"]
[EventCountry "GER"]
[SourceTitle "EXT 2014"]
[Source "ChessBase"]
[SourceDate "2013.11.20"]
[SourceVersion "1"]
[SourceVersionDate "2013.11.20"]
[SourceQuality "1"]

1. b3 d5 2. e3 e5 3. Bb2 Bd6 4. Nf3 f6 5. c4 c6 6. Nc3 Ne7 7. Rc1 Bg4 8. Be2 Nd7 9. cxd5 cxd5 10. Nb5 Bb8 11. Qc2 Nc6 12. Ba3 a6 13. Nd6+ Bxd6 14. Bxd6 Rc8 15. 0-0 Ne7 16. Qb2 Kf7 17. h3 Be6 18. Rxc8 Nxc8 19. Ba3 Na7 20. Rc1 Qa5 21. b4 Qb6 22. d4 e4 23. Nd2 Rc8 24. Rxc8 Nxc8 25. Nb3 Nd6 26. Nc5 Nb5 27. Nxe6 Kxe6 28. Qc1 Nxa3 29. Qxa3 Qc6 30. Qb2 b5 31. Bd1 Nb6 32. f3 f5 33. fxe4 fxe4 34. Bg4+ Ke7 35. Qf2 Qc1+ 36. Kh2 Nc4 37. Qh4+ Kf8 38. Qd8+ Kf7 39. Qd7+ Kf8 40. Be6 1-0

[Event "Rhein Main op-B 16th"]
[Site "Bad Homburg"]
[Date "2013.06.01"]
[Round "5"]
[White "Wulf, Guenter"]
[Black "Florin, Jon"]
[Result "1-0"]
[WhiteElo "1563"]
[BlackElo "1827"]
[PlyCount "151"]
[EventDate "2013.05.29"]
[EventType "swiss"]
[EventRounds "7"]
[EventCountry "GER"]
[SourceTitle "EXT 2014"]
[Source "ChessBase"]
[SourceDate "2013.11.20"]
[SourceVersion "1"]
[SourceVersionDate "2013.11.20"]
[SourceQuality "1"]

1. e4 e6 2. b3 d5 3. exd5 exd5 4. Bb2 Nf6 5. Nf3 Bg4 6. Be2 Nbd7 7. 0-0 Bd6 8. d3 c6 9. h3 Bh5 10. Re1 0-0 11. Nd4 Bxe2 12. Rxe2 Re8 13. Nd2 Qc7 14. c4 Rxe2 15. Qxe2 Re8 16. Qf3 Bf4 17. Nf1 Be5 18. Rb1 Nc5 19. Nf5 Bxb2 20. Rxb2 d4 21. Qg3 Qxg3 22. N1xg3 Nxd3 23. Rd2 Nc1 24. Rxd4 Nxa2 25. Nd6 Rd8 26. c5 Nc3 27. Kf1 g6 28. Rc4 Nfd5 29. Nxb7 Rb8 30. Na5 Rb5 31. Nxc6 Rxb3 32. Kg1 Rb1+ 33. Kh2 Ra1 34. Nd4 a5 35. c6 a4 36. c7 Nxc7 37. Rxc7 Nd5 38. Ra7 Ra2 39. Ne4 a3 40. Kg3 Nb4 41. Nc3 Rd2 42. Nf3 Rd3 43. Rxa3 Nc2 44. Ra8+ Kg7 45. Ne2 Ne1 46. Neg1 h5 47. Ra2 g5 48. Re2 h4+ 49. Kh2 Nxf3+ 50. Nxf3 f6 51. Ne1 Rd1 52. Kg1 Kg6 53. f3 f5 54. Kf2 g4 55. Re6+ Kg5 56. Re8 gxh3 57. gxh3 Kf4 58. Ng2+ Kg5 59. f4+ Kg6 60. Nxh4+ Kf7 61. Re2 Rh1 62. Kg2 Ra1 63. Nxf5 Kf6 64. Nh4 Ra4 65. Kf3 Ra5 66. Kg4 Ra8 67. Nf3 Rg8+ 68. Ng5 Kg6 69. Re6+ Kg7 70. h4 Kf8 71. h5 Rg7 72. Rg6 Rd7 73. h6 Rd1 74. f5 Rg1+ 75. Kh4 Rh1+ 76. Nh3 1-0

[Event "Zuerich op-B 36th"]
[Site "Zuerich"]
[Date "2012.12.29"]
[Round "5"]
[White "Poun, Kirivongkat"]
[Black "Florin, Jon"]
[Result "1-0"]
[WhiteElo "1968"]
[BlackElo "1876"]
[PlyCount "103"]
[EventDate "2012.12.26"]
[EventType "swiss"]
[EventRounds "7"]
[EventCountry "SUI"]
[SourceTitle "EXT 2019"]
[Source "ChessBase"]
[SourceDate "2018.10.10"]
[SourceVersion "1"]
[SourceVersionDate "2018.10.10"]
[SourceQuality "1"]

1. c4 g6 2. d4 Bg7 3. Nc3 d6 4. e4 e5 5. Be3 Nc6 6. d5 Nce7 7. Bd3 f5 8. exf5 Nxf5 9. Bd2 Nf6 10. Nf3 0-0 11. 0-0 Bd7 12. Ne4 Nxe4 13. Bxe4 Qf6 14. Bg5 Qf7 15. Qd2 b6 16. Rac1 Bf6 17. Bxf6 Qxf6 18. Bxf5 gxf5 19. Ne1 Kf7 20. f4 Rg8 21. b4 a5 22. fxe5 dxe5 23. a3 Qg5 24. Qxg5 Rxg5 25. Nf3 Rg7 26. Nxe5+ Kf6 27. Nxd7+ Rxd7 28. Rce1 axb4 29. Re6+ Kg5 30. axb4 Ra2 31. g3 Rc2 32. Rf4 Rc1+ 33. Kg2 Rc2+ 34. Kh3 Rb2 35. b5 Rc2 36. Re8 Rf7 37. Rg8+ Kf6 38. Re8 Kg6 39. Re6+ Kg5 40. d6 Rd7 41. Re5 Rxd6 42. Rexf5+ Kg6 43. Rf8 h5 44. Rg8+ Kh7 45. Rg5 Rdd2 46. Rxh5+ Kg6 47. Kg4 Rxh2 48. Rg5+ Kh6 49. Rf6+ Kh7 50. Rf7+ Kh8 51. Rxc7 Rc3 52. Rd5 1-0

[Event "Zuerich op-B 36th"]
[Site "Zuerich"]
[Date "2012.12.28"]
[Round "4"]
[White "Florin, Jon"]
[Black "Vyvyan, Philippe"]
[Result "1-0"]
[WhiteElo "1876"]
[BlackElo "1735"]
[PlyCount "109"]
[EventDate "2012.12.26"]
[EventType "swiss"]
[EventRounds "7"]
[EventCountry "SUI"]
[SourceTitle "EXT 2019"]
[Source "ChessBase"]
[SourceDate "2018.10.10"]
[SourceVersion "1"]
[SourceVersionDate "2018.10.10"]
[SourceQuality "1"]

1. d4 d5 2. Nf3 Nf6 3. e3 Bf5 4. c4 e6 5. Qb3 b6 6. Ne5 c6 7. Nc3 Bd6 8. cxd5 exd5 9. Be2 0-0 10. 0-0 Re8 11. f4 h5 12. Bd2 Ng4 13. h3 Nf6 14. Rac1 h4 15. Be1 Ne4 16. Nxe4 Bxe4 17. Nxc6 Qf6 18. Ne5 Qh6 19. Bf3 Qh7 20. Bxe4 Qxe4 21. Bxh4 Na6 22. Bf2 Re6 23. Qc2 Qxc2 24. Rxc2 Nb4 25. Rcc1 Nxa2 26. Ra1 Nb4 27. Rfc1 f6 28. Nf3 a5 29. Rc3 Kf7 30. Ne1 a4 31. Nc2 b5 32. Nxb4 Bxb4 33. Rc7+ Be7 34. Rb7 b4 35. Be1 a3 36. bxa3 Rxa3 37. Rb1 Raxe3 38. Bxb4 Kg6 39. Rxe7 Rxe7 40. Bxe7 Rxe7 41. Rb5 Rd7 42. g4 Kf7 43. Kf2 Ke6 44. Rb6+ Ke7 45. g5 Rc7 46. gxf6+ gxf6 47. h4 Rc3 48. f5 Rh3 49. Rb7+ Kd6 50. Rf7 Kc6 51. Rxf6+ Kb5 52. Rh6 Kc4 53. f6 Kxd4 54. f7 Rh2+ 55. Kg3 1-0

[Event "Cologne Longerich op 09th"]
[Site "Cologne"]
[Date "2012.08.03"]
[Round "1"]
[White "Janssen, Wolfgang"]
[Black "Florin, Jon"]
[Result "0-1"]
[WhiteElo "1697"]
[BlackElo "1815"]
[PlyCount "176"]
[EventDate "2012.08.03"]
[EventType "tourn"]
[EventRounds "5"]
[EventCountry "GER"]
[SourceTitle "EXT 2017"]
[Source "ChessBase"]
[SourceDate "2016.10.25"]
[SourceVersion "1"]
[SourceVersionDate "2016.10.25"]
[SourceQuality "1"]

1. Nf3 g6 2. g3 Bg7 3. Bg2 e5 4. d3 d6 5. e4 Ne7 6. 0-0 0-0 7. Nh4 f5 8. Bg5 Nd7 9. Nc3 Nf6 10. f4 h6 11. Bxf6 Bxf6 12. Nxg6 Nxg6 13. exf5 Bxf5 14. Qh5 Bg7 15. fxe5 Qg5 16. Qxg5 hxg5 17. Rxf5 Rxf5 18. Be4 Rxe5 19. Bxg6 Rc5 20. Re1 Bd4+ 21. Kg2 Bxc3 22. bxc3 Rxc3 23. Re2 Kg7 24. Bf5 Rc5 25. g4 Kf6 26. Re6+ Kf7 27. c4 Re8 28. Rh6 Rg8 29. d4 Ra5 30. Kf3 Rxa2 31. c5 Ra3+ 32. Kf2 dxc5 33. dxc5 Rc3 34. Be4 c6 35. Rh7+ Rg7 36. Rh8 Rxc5 37. Rb8 Kf6 38. Bf5 Re7 39. Rd8 Rd5 40. Rg8 Rg7 41. Re8 Re5 42. Rd8 Rxf5+ 43. gxf5 Kxf5 44. Ra8 b6 45. Kf3 Rf7 46. Re8 c5 47. Ke3 b5 48. Rc8 Re7+ 49. Kd3 c4+ 50. Kd4 Re4+ 51. Kd5 Re5+ 52. Kd4 Kf4 53. Ra8 Re7 54. Rf8+ Kg4 55. Rb8 a6 56. Rb6 Rc7 57. Kc3 Ra7 58. Kb4 Kh3 59. Rh6+ Kg2 60. Rg6 Kxh2 61. Rxg5 Kh3 62. Rc5 Kg4 63. Ka5 Kf4 64. Kb6 Re7 65. Kxa6 Re5 66. Rc8 Ke4 67. Ka5 Kd3 68. Kb4 Kc2 69. Rh8 Rd5 70. Rh2+ Kd3 71. Rh3+ Ke4 72. Rh4+ Kf5 73. Rh5+ Ke6 74. Rh6+ Kd7 75. Rh7+ Kc6 76. Rh6+ Rd6 77. Rh5 Rd5 78. Rh6+ Kd7 79. Rh7+ Ke6 80. Rh6+ Ke5 81. Rh5+ Ke4 82. Rh4+ Kd3 83. Rh3+ Kc2 84. Rc3+ Kb2 85. Rh3 Rd2 86. Rg3 c3 87. Rh3 Rd4+ 88. Kxb5 c2 0-1

[Event "Rhein Main op-B 15th"]
[Site "Bad Homburg"]
[Date "2012.06.10"]
[Round "7"]
[White "Florin, Jon"]
[Black "Nothnagel, Marian Can"]
[Result "1-0"]
[WhiteElo "1801"]
[BlackElo "1723"]
[PlyCount "117"]
[EventDate "2012.06.06"]
[EventType "swiss"]
[EventRounds "7"]
[EventCountry "GER"]
[SourceTitle "EXT 2013"]
[Source "ChessBase"]
[SourceDate "2012.11.22"]
[SourceVersion "1"]
[SourceVersionDate "2012.11.22"]
[SourceQuality "1"]

1. e4 e5 2. Nf3 Nc6 3. Bb5 a6 4. Bxc6 dxc6 5. 0-0 Bd6 6. d3 Be6 7. Be3 Nf6 8. h3 0-0 9. Nbd2 Qd7 10. Ng5 Rad8 11. Nxe6 Qxe6 12. Qe2 Rfe8 13. Nb3 Bf8 14. Nc5 Bxc5 15. Bxc5 b6 16. Be3 h6 17. f4 exf4 18. Bxf4 Qe7 19. Qf2 c5 20. Rae1 Rd7 21. Bxh6 gxh6 22. Qxf6 Qxf6 23. Rxf6 Kg7 24. Rf3 Rd4 25. Ref1 Re7 26. Rg3+ Kh7 27. Rf6 Rd6 28. Rgf3 Kg7 29. Rxd6 cxd6 30. Kf2 Re6 31. Rf5 Kf8 32. Ke3 Rg6 33. g4 Ke7 34. Kf4 Ke6 35. h4 f6 36. c3 Rg7 37. Rh5 Rh7 38. Kg3 Kf7 39. Rd5 Ke6 40. Kf4 Rg7 41. Rh5 Rh7 42. Ke3 Rg7 43. Kf3 Rh7 44. d4 Rh8 45. d5+ Kf7 46. g5 Rg8 47. gxf6 Rh8 48. Kf4 Kxf6 49. e5+ Kg6 50. Rf5 dxe5+ 51. Rxe5 Rf8+ 52. Ke3 Rd8 53. Ke4 b5 54. h5+ Kf6 55. Kf4 Rd6 56. Rf5+ Kg7 57. Ke5 Rd8 58. d6 a5 59. Ke6 1-0

[Event "Rhein Main op-B 15th"]
[Site "Bad Homburg"]
[Date "2012.06.08"]
[Round "4"]
[White "Rump, Andreas"]
[Black "Florin, Jon"]
[Result "1-0"]
[WhiteElo "1964"]
[BlackElo "1801"]
[PlyCount "79"]
[EventDate "2012.06.06"]
[EventType "swiss"]
[EventRounds "7"]
[EventCountry "GER"]
[SourceTitle "EXT 2013"]
[Source "ChessBase"]
[SourceDate "2012.11.22"]
[SourceVersion "1"]
[SourceVersionDate "2012.11.22"]
[SourceQuality "1"]

1. e4 e6 2. d4 d5 3. e5 c5 4. c3 Nc6 5. Nf3 Qb6 6. a3 cxd4 7. cxd4 Nh6 8. Bd3 Nf5 9. Bxf5 exf5 10. Nc3 Be6 11. 0-0 Be7 12. b4 h6 13. Be3 g5 14. g3 0-0-0 15. Na4 Qb5 16. Nc5 Kb8 17. Nxe6 fxe6 18. Ne1 Rdg8 19. Nc2 h5 20. Re1 g4 21. Qd2 Nd8 22. Rec1 h4 23. a4 Qe8 24. Ne1 hxg3 25. fxg3 Nf7 26. Nd3 Ng5 27. Bxg5 Bxg5 28. Nf4 Rh7 29. Ra2 Rgh8 30. b5 Rxh2 31. Qxh2 Rxh2 32. Rxh2 Bxf4 33. gxf4 a6 34. b6 Qg8 35. Rc7 Qe8 36. Rhh7 Qg8 37. Rxb7+ Ka8 38. Ra7+ Kb8 39. Rhb7+ Kc8 40. Ra8+ 1-0

[Event "Augsburg Afro op-A 18th"]
[Site "Augsburg"]
[Date "2011.08.06"]
[Round "5"]
[White "Florin, Jon"]
[Black "Knoblauch, Leonhard"]
[Result "1/2-1/2"]
[WhiteElo "1752"]
[BlackElo "2062"]
[PlyCount "44"]
[EventDate "2011.08.04"]
[EventType "swiss"]
[EventRounds "7"]
[EventCountry "GER"]
[SourceTitle "EXT 2015"]
[Source "ChessBase"]
[SourceDate "2014.11.20"]
[SourceVersion "1"]
[SourceVersionDate "2014.11.20"]
[SourceQuality "1"]

1. d4 Nf6 2. Nf3 e6 3. Nbd2 d5 4. e3 c5 5. c3 Nc6 6. Bd3 Bd6 7. 0-0 0-0 8. dxc5 Bxc5 9. e4 Qc7 10. Qe2 Bd6 11. Re1 Ng4 12. h3 Nge5 13. Bc2 Nxf3+ 14. Nxf3 dxe4 15. Qxe4 f5 16. Qe2 Bd7 17. Bg5 h6 18. Bd2 Rae8 19. Rad1 e5 20. Nh4 Be6 21. Qh5 e4 22. Bxh6 gxh6 1/2-1/2

[Event "Augsburg Afro op-A 18th"]
[Site "Augsburg"]
[Date "2011.08.04"]
[Round "1"]
[White "Foerderreuther, Jonas"]
[Black "Florin, Jon"]
[Result "1-0"]
[WhiteElo "2058"]
[BlackElo "1752"]
[PlyCount "41"]
[EventDate "2011.08.04"]
[EventType "swiss"]
[EventRounds "7"]
[EventCountry "GER"]
[SourceTitle "EXT 2015"]
[Source "ChessBase"]
[SourceDate "2014.11.20"]
[SourceVersion "1"]
[SourceVersionDate "2014.11.20"]
[SourceQuality "1"]

1. d4 g6 2. c4 Bg7 3. Nf3 d6 4. g3 e5 5. dxe5 dxe5 6. Qxd8+ Kxd8 7. Bg2 c6 8. Nc3 f6 9. Ne4 Kc7 10. Be3 Be6 11. 0-0-0 Bxc4 12. Nd6 Bxe2 13. Ne8+ Kc8 14. Nxe5 Ne7 15. Nd6+ Kc7 16. Nef7 Bxd1 17. Rxd1 Rf8 18. Bf4 Kb6 19. Be3+ Ka6 20. Rd3 Ka5 21. Bc5 1-0

[Event "Paradiso op 6th"]
[Site "Paradiso"]
[Date "2011.05.15"]
[Round "4"]
[White "Florin, Jon"]
[Black "Zahner, Rolf"]
[Result "1-0"]
[WhiteElo "1734"]
[BlackElo "1686"]
[PlyCount "67"]
[EventDate "2011.05.13"]
[EventType "swiss"]
[EventRounds "5"]
[EventCountry "SUI"]
[SourceTitle "CBM 142 Extra"]
[Source "ChessBase"]
[SourceDate "2011.06.27"]
[SourceVersion "1"]
[SourceVersionDate "2011.06.27"]
[SourceQuality "1"]

1. d4 Nf6 2. Nf3 g6 3. Bg5 Bg7 4. e3 h6 5. Bh4 g5 6. Bg3 Ne4 7. Be5 f6 8. Bg3 Nxg3 9. hxg3 d5 10. Bd3 Qd6 11. c3 Bg4 12. Bg6+ Kd8 13. Bd3 Nc6 14. Nbd2 e5 15. dxe5 fxe5 16. Nxg5 Bxd1 17. Nf7+ Ke7 18. Nxd6 Kxd6 19. Rxd1 Raf8 20. Bb5 Kc5 21. a4 a6 22. b4+ Kb6 23. Bxc6 Kxc6 24. Nb3 Rd8 25. Rh5 b6 26. Ke2 Kd6 27. c4 Ke6 28. c5 Rhg8 29. cxb6 cxb6 30. a5 Rd6 31. Rc1 Bf8 32. Rc7 Rg4 33. f4 exf4 34. Nd4+ 1-0

[Event "Paradiso op 6th"]
[Site "Paradiso"]
[Date "2011.05.14"]
[Round "3"]
[White "Berger, Stefan"]
[Black "Florin, Jon"]
[Result "1-0"]
[WhiteElo "2012"]
[BlackElo "1734"]
[PlyCount "117"]
[EventDate "2011.05.13"]
[EventType "swiss"]
[EventRounds "5"]
[EventCountry "SUI"]
[SourceTitle "CBM 142 Extra"]
[Source "ChessBase"]
[SourceDate "2011.06.27"]
[SourceVersion "1"]
[SourceVersionDate "2011.06.27"]
[SourceQuality "1"]

1. Nf3 g6 2. d4 Bg7 3. c3 d5 4. Bf4 c6 5. e3 Bg4 6. Qb3 Qb6 7. Ne5 Nf6 8. Nd2 0-0 9. h3 Bf5 10. g4 Be6 11. Qa3 Re8 12. Bd3 Nbd7 13. Nef3 h6 14. Bh2 c5 15. g5 hxg5 16. Nxg5 cxd4 17. cxd4 a6 18. Qb3 Qxb3 19. Nxb3 Rac8 20. Nxe6 fxe6 21. Bxg6 Rf8 22. Ke2 Ne8 23. Rac1 Nd6 24. Bxd6 exd6 25. Rxc8 Rxc8 26. Rc1 Rxc1 27. Nxc1 e5 28. Kd3 Nb6 29. b3 Bf6 30. Bf5 Kf7 31. Ne2 a5 32. Nc3 Bh4 33. f3 Kf6 34. Bg4 Be1 35. Nb5 Ke7 36. Ke2 Bh4 37. Nc7 Kd8 38. Ne6+ Ke7 39. dxe5 dxe5 40. Nc5 Kd6 41. Nxb7+ Kc6 42. Nxa5+ Kb5 43. b4 Kxb4 44. Nc6+ Ka3 45. Nxe5 Kxa2 46. Ng6 Bf6 47. Be6 Kb2 48. Kd3 Kb3 49. Nf4 Kb4 50. Nxd5+ Nxd5 51. Bxd5 Kc5 52. Ba2 Kd6 53. Ke4 Bh4 54. Kf5 Ke7 55. e4 Bf2 56. f4 Bh4 57. Kg4 Bf6 58. e5 Bg7 59. Kg5 1-0

[Event "Anzere op 1st"]
[Site "Anzere"]
[Date "2011.03.19"]
[Round "5"]
[White "Florin, Jon"]
[Black "Makawitage, Sandu"]
[Result "1/2-1/2"]
[WhiteElo "1734"]
[BlackElo "1775"]
[PlyCount "128"]
[EventDate "2011.03.17"]
[EventType "swiss"]
[EventRounds "7"]
[EventCountry "SUI"]
[SourceTitle "CBM 141 Extra"]
[Source "ChessBase"]
[SourceDate "2011.05.03"]
[SourceVersion "1"]
[SourceVersionDate "2011.05.03"]
[SourceQuality "1"]

1. d4 d5 2. Nf3 e6 3. e3 Nf6 4. Bd3 Nbd7 5. Nbd2 c6 6. 0-0 Bd6 7. e4 dxe4 8. Nxe4 Nxe4 9. Bxe4 0-0 10. Bxh7+ Kxh7 11. Ng5+ Kg8 12. Qh5 Nf6 13. Qh4 e5 14. Be3 Bf5 15. c3 Ng4 16. Rae1 e4 17. f3 Nxe3 18. fxe4 f6 19. Rxe3 fxg5 20. Qh5 Bf4 21. Ref3 Qe8 22. Qxe8 Raxe8 23. exf5 Rxf5 24. g3 Be3+ 25. Kg2 Rxf3 26. Rxf3 Bc1 27. Rf2 Re1 28. Kf3 Re3+ 29. Kg4 Rd3 30. Rc2 Rd1 31. Kf5 g4 32. Ke6 Bh6 33. Kd7 Rd2 34. Rxd2 Bxd2 35. Kc7 Be3 36. Kxb7 Bg1 37. Kxc6 Bxh2 38. Kd5 Bxg3 39. Ke4 Kh7 40. Kf5 Kg8 41. Kxg4 Bc7 42. Kf5 Kf7 43. c4 Ke7 44. Kg6 Kd6 45. Kxg7 Bb6 46. c5+ Bxc5 47. dxc5+ Kxc5 48. Kf6 a5 49. Ke5 Kc4 50. Ke4 a4 51. Ke3 a3 52. bxa3 Kb5 53. Kd3 Ka4 54. Kc2 Kxa3 55. Kb1 Kb4 56. Kb2 Ka4 57. a3 Kb5 58. Kb3 Ka5 59. a4 Kb6 60. Kb4 Ka6 61. a5 Kb7 62. Kb5 Ka7 63. a6 Kb8 64. Kb6 Ka8 1/2-1/2